header

Body area communications (Record no. 54884)

MARC details
000 -LEADER
fixed length control field 01271nam a2200325 a 4500
082 04 - DEWEY DECIMAL CLASSIFICATION NUMBER
Classification number 621.382
100 1# - MAIN ENTRY--AUTHOR NAME
Personal name Wang, Jianqing.
245 10 - TITLE STATEMENT
Title Body area communications
260 ## - PUBLICATION, DISTRIBUTION, ETC. (IMPRINT)
Place of publication Singapore :
Name of publisher John Wiley & Sons Inc.,
Year of publication 2013.
300 ## - PHYSICAL DESCRIPTION
Number of Pages xi, 274 p. :
Other physical details ill.
650 #0 - SUBJECT ADDED ENTRY--TOPICAL TERM
Topical Term Body area networks (Electronics)
Topical Term Medical telematics.
700 1# - ADDED ENTRY--PERSONAL NAME
Personal name Wang, Qiong.
856 40 - ELECTRONIC LOCATION AND ACCESS
Uniform Resource Identifier http://site.ebrary.com/lib/rucke/Doc?id=10618648

No items available.

© 2026 Rongo University
Contact us: librarian | system librarian | Rongo university